Encyclopaedic dictionary of information technology and systems
This book provides an invaluable guide to the terminology of information technology and systems, filling the need for an up-to-date reference tool that is both clear and easy to use, and yet gives fully detailed explanations for each entry. The book offers comprehensive and detailed definitions arou...
Uloženo v:
| Hlavní autor: | |
|---|---|
| Médium: | Kniha |
| Jazyk: | Undetermined |
| Vydáno: |
London
Bowker-Saur
1993
|
| Témata: | |
| Tagy: |
Přidat tag
Žádné tagy, Buďte první, kdo otaguje tento záznam!
|
| Thư viện lưu trữ: | Trung tâm Học liệu Trường Đại học Cần Thơ |
|---|
| LEADER | 00942nam a2200193Ia 4500 | ||
|---|---|---|---|
| 001 | CTU_33290 | ||
| 008 | 210402s9999 xx 000 0 und d | ||
| 082 | |a 004.03 | ||
| 082 | |b C384 | ||
| 100 | |a A E Cawkell | ||
| 245 | 0 | |a Encyclopaedic dictionary of information technology and systems | |
| 245 | 2 | |c A E Cawkell | |
| 260 | |a London | ||
| 260 | |b Bowker-Saur | ||
| 260 | |c 1993 | ||
| 520 | |a This book provides an invaluable guide to the terminology of information technology and systems, filling the need for an up-to-date reference tool that is both clear and easy to use, and yet gives fully detailed explanations for each entry. The book offers comprehensive and detailed definitions around 5.000 terms, an easy-to-use reference, and a guide for the information industry | ||
| 650 | |a computers - dictionaries,information technology - dictionaries | ||
| 904 | |i Minh, 991008 | ||
| 980 | |a Trung tâm Học liệu Trường Đại học Cần Thơ | ||